| 000 | 00517nam a2200193Ia 4500 | ||
|---|---|---|---|
| 999 |
_c31712 _d31712 |
||
| 003 | OSt | ||
| 005 | 20200727104842.0 | ||
| 008 | 190216s9999||||xx |||||||||||||| ||und|| | ||
| 020 | _a8185015813 | ||
| 040 | _coclc | ||
| 082 |
_a512.897 _bHAD/L |
||
| 100 |
_aHadley, G _93761 |
||
| 245 | 0 |
_aLinear Algebra / _cG Hadley |
|
| 250 | _a1st Ed. | ||
| 260 |
_bNarosa Pubs House, _c1987. _aNew Delhi: |
||
| 300 | _a290p | ||
| 650 | _aMathematics | ||
| 942 |
_cBK _2ddc _h512.897 _iHAD/L _k512.897 _mHAD/L |
||